[Event "CZECH OPEN 2011 "]
[Site "Pardubice (CZE)"]
[Date "2011.07.22"]
[Round "1.86"]
[White "Ten Vergert, Paul"]
[Black "Antipov, Mikhail Al"]
[Result "0-1"]
[WhiteElo "2194"]
[BlackElo "2407"]
[PlyCount "52"]
[EventDate "2011.07.22"]

1. e4 c5 2. Nf3 d6 3. d4 cxd4 4. Nxd4 Nf6 5. Nc3 a6 6. Be3 e5 7. Nb3 Be6 8. Qd2
Nbd7 9. O-O-O b5 10. f4 Rc8 11. f5 Bc4 12. g4 Nxg4 13. Bg5 Ngf6 14. Qg2 Be7 15.
Bxf6 Nxf6 16. Qxg7 Rg8 17. Qh6 b4 18. Na4 Bb5 19. Nac5 Qc7 20. Bxb5+ axb5 21.
Rdg1 Rxg1+ 22. Rxg1 dxc5 23. Qg7 Qb6 24. Rd1 c4 25. Qh8+ Bf8 26. Na5 Ke7 0-1

[Event "CZECH OPEN 2011 "]
[Site "Pardubice (CZE)"]
[Date "2011.07.22"]
[Round "1.59"]
[White "Neuman, Petr"]
[Black "Wagener, Claude"]
[Result "1-0"]
[WhiteElo "2454"]
[BlackElo "2232"]
[PlyCount "71"]
[EventDate "2011.07.22"]

1. Nf3 Nf6 2. c4 g6 3. Nc3 d5 4. cxd5 Nxd5 5. Qa4+ Bd7 6. Qh4 Nxc3 7. bxc3 c5
8. Rb1 Qc7 9. Qg3 Qxg3 10. hxg3 b6 11. d4 Bg7 12. e4 O-O 13. Bh6 cxd4 14. cxd4
Nc6 15. Bxg7 Kxg7 16. Bb5 Rfd8 17. Ke2 Na5 18. Bxd7 Rxd7 19. Rhc1 e6 20. Rc3 f6
21. Rbc1 h6 22. Rc8 Rxc8 23. Rxc8 Nb7 24. e5 f5 25. Ke3 Nd8 26. Ng1 Kf7 27. Ne2
g5 28. f4 Ke7 29. Nc3 Nf7 30. Rg8 Rd8 31. Rg6 b5 32. Nxb5 Rb8 33. Nc3 Rb2 34.
d5 Nd8 35. Rxh6 Rxg2 36. d6+ 1-0

[Event "CZECH OPEN 2011 "]
[Site "Pardubice (CZE)"]
[Date "2011.07.22"]
[Round "1.60"]
[White "Zwardon, Vojtech"]
[Black "Bernadskiy, Vitali"]
[Result "1/2-1/2"]
[WhiteElo "2231"]
[BlackElo "2453"]
[PlyCount "67"]
[EventDate "2011.07.22"]

1. e4 c5 2. Nf3 Nc6 3. d4 cxd4 4. Nxd4 e6 5. Nxc6 bxc6 6. Bd3 Nf6 7. O-O e5 8.
c4 Bc5 9. Nd2 a5 10. Nf3 d6 11. h3 h6 12. Qe2 Qb6 13. Be3 Be6 14. b3 Nh5 15.
Kh2 Nf4 16. Bxf4 exf4 17. e5 O-O-O 18. a3 dxe5 19. b4 Bd4 20. c5 Qc7 21. Rab1
Kd7 22. b5 cxb5 23. Nxd4 exd4 24. Qe4 Ke7 25. Rxb5 Kf6 26. c6 g6 27. Rc1 Bc8
28. Rcc5 Rhe8 29. Qf3 a4 30. Rb4 Kg7 31. Rxa4 h5 32. Rc1 Be6 33. Bc4 Bf5 34.
Bd3 1/2-1/2

[Event "CZECH OPEN 2011 "]
[Site "Pardubice (CZE)"]
[Date "2011.07.22"]
[Round "1.61"]
[White "Llorente Zaro, Alfonso"]
[Black "Kratochvil, Josef"]
[Result "1-0"]
[WhiteElo "2453"]
[BlackElo "2230"]
[PlyCount "59"]
[EventDate "2011.07.22"]

1. c4 Nf6 2. Nf3 c5 3. Nc3 b6 4. g3 Bb7 5. Bg2 e6 6. b3 Be7 7. Bb2 O-O 8. d4
cxd4 9. Qxd4 Nc6 10. Qf4 a6 11. O-O d6 12. Rfd1 Qb8 13. Ng5 Ne5 14. Bxb7 Qxb7
15. Nce4 Ng6 16. Qf3 Nxe4 17. Nxe4 Qc7 18. Qc3 e5 19. Qd2 Rad8 20. Nc3 Rfe8 21.
Nd5 Qb7 22. Qb4 b5 23. a4 Rb8 24. cxb5 axb5 25. a5 Bf8 26. a6 Qc6 27. a7 Rbc8
28. Nc3 Qa8 29. Qxb5 Rc7 30. Qxe8 1-0

[Event "CZECH OPEN 2011 "]
[Site "Pardubice (CZE)"]
[Date "2011.07.22"]
[Round "1.63"]
[White "Breder, Dennis"]
[Black "Bente, Bjoern"]
[Result "1-0"]
[WhiteElo "2443"]
[BlackElo "2226"]
[PlyCount "63"]
[EventDate "2011.07.22"]

1. e4 c6 2. d4 d5 3. exd5 cxd5 4. c4 Nf6 5. Nc3 Nc6 6. Bg5 dxc4 7. Bxc4 Qxd4 8.
Qxd4 Nxd4 9. O-O-O e5 10. f4 Bg4 11. Nf3 Nxf3 12. gxf3 Be6 13. Bxe6 fxe6 14.
fxe5 Nd7 15. f4 Be7 16. Rhg1 Bxg5 17. Rxg5 g6 18. h4 Rf8 19. Rd4 Rf5 20. Ne4
Ke7 21. Nd6 Rxg5 22. hxg5 Rb8 23. Ne4 Nb6 24. Nf6 Rh8 25. Kd2 h6 26. gxh6 Kf7
27. h7 g5 28. fxg5 Kg6 29. Kd3 Nd5 30. Nxd5 exd5 31. Rh4 Kxg5 32. Rh1 1-0

[Event "CZECH OPEN 2011 "]
[Site "Pardubice (CZE)"]
[Date "2011.07.22"]
[Round "1.65"]
[White "Szablowski, Pawel"]
[Black "Barthel, Ansgar"]
[Result "1/2-1/2"]
[WhiteElo "2433"]
[BlackElo "2224"]
[PlyCount "70"]
[EventDate "2011.07.22"]

1. e4 Nf6 2. e5 Nd5 3. Nc3 Nxc3 4. bxc3 d5 5. d4 c5 6. h3 Nc6 7. Nf3 Qa5 8. Bd2
Qa4 9. Qb1 c4 10. Be2 Bd7 11. O-O h6 12. Nh2 O-O-O 13. g4 h5 14. Kg2 hxg4 15.
hxg4 f6 16. f4 e6 17. Rf2 Be7 18. Nf1 fxe5 19. fxe5 Rdf8 20. Rxf8+ Rxf8 21. Ng3
Bh4 22. Qb2 Be8 23. Rh1 Bxg3 24. Kxg3 Bg6 25. Bc1 Bxc2 26. Qa3 Qxa3 27. Bxa3
Rf7 28. Rh8+ Kd7 29. Bd6 Bd3 30. Bf3 b5 31. a3 a5 32. Ra8 Be4 33. Be2 Bd3 34.
Bf3 Be4 35. Be2 Bd3 1/2-1/2

[Event "CZECH OPEN 2011 "]
[Site "Pardubice (CZE)"]
[Date "2011.07.22"]
[Round "1.66"]
[White "Oresky, Jan"]
[Black "Bodnaruk, Anastasia"]
[Result "0-1"]
[WhiteElo "2223"]
[BlackElo "2431"]
[PlyCount "80"]
[EventDate "2011.07.22"]

1. e4 c5 2. Nf3 d6 3. d4 cxd4 4. Nxd4 Nf6 5. Nc3 a6 6. Be3 e5 7. Nb3 Be6 8. h3
Be7 9. Qf3 b5 10. O-O-O Nbd7 11. g4 h6 12. Kb1 Rc8 13. Nd5 Bxd5 14. exd5 Nb6
15. Bxb6 Qxb6 16. Bd3 a5 17. Qe2 Rb8 18. f4 exf4 19. Nd4 Nxd5 20. Bxb5+ Kf8 21.
a4 Ne3 22. Nf5 g6 23. Nxe3 fxe3 24. Rd3 Bg5 25. Qf3 Qb7 26. Qxb7 Rxb7 27. Rxd6
Kg7 28. Re1 h5 29. Rd5 f6 30. Re2 hxg4 31. hxg4 Rh1+ 32. Ka2 Rg1 33. Rd7+ Rxd7
34. Bxd7 Rd1 35. Bb5 f5 36. gxf5 gxf5 37. Rg2 Kf6 38. b4 axb4 39. Kb3 f4 40.
Bc6 Rf1 0-1

[Event "CZECH OPEN 2011 "]
[Site "Pardubice (CZE)"]
[Date "2011.07.22"]
[Round "1.67"]
[White "Akesson, Ralf"]
[Black "Sakovich, Igor"]
[Result "1/2-1/2"]
[WhiteElo "2429"]
[BlackElo "2218"]
[PlyCount "105"]
[EventDate "2011.07.22"]

1. Nf3 d5 2. d4 Bf5 3. c4 e6 4. Nc3 Nc6 5. Bf4 Nf6 6. e3 Be7 7. Be2 O-O 8. h3
Ne4 9. O-O Nxc3 10. bxc3 Bd6 11. cxd5 exd5 12. Bxd6 Qxd6 13. Qa4 a6 14. c4 b5
15. cxb5 axb5 16. Qxb5 Rfb8 17. Qc5 Qxc5 18. dxc5 Rb2 19. Bd1 Rbxa2 20. Rxa2
Rxa2 21. Bb3 Ra5 22. Bxd5 Rxc5 23. e4 Be6 24. Bxe6 fxe6 25. Rd1 h6 26. Rd7 Ne5
27. Nxe5 Rxe5 28. f3 Rc5 29. Kh2 Kh7 30. g4 Kg6 31. h4 e5 32. Kg3 Kf6 33. g5+
hxg5 34. hxg5+ Kxg5 35. Rxg7+ Kf6 36. Rh7 Kg6 37. Rh8 Rc1 38. Rf8 c6 39. Rf5
Rg1+ 40. Kf2 Rg5 41. Rf8 Kg7 42. Rc8 Rg6 43. Rc7+ Kf8 44. Ra7 Ke8 45. Rh7 Kd8
46. Ke3 Ke8 47. Rh5 Re6 48. Kd3 Kd7 49. Rf5 Kd6 50. Kc4 Rh6 51. Rf8 Rh1 52.
Rf6+ Kd7 53. Rf8 1/2-1/2

[Event "CZECH OPEN 2011 "]
[Site "Pardubice (CZE)"]
[Date "2011.07.22"]
[Round "1.68"]
[White "Andersen, Alf"]
[Black "Talla, Vladimir"]
[Result "1/2-1/2"]
[WhiteElo "2218"]
[BlackElo "2427"]
[PlyCount "72"]
[EventDate "2011.07.22"]

1. e4 c5 2. Nf3 d6 3. Bb5+ Nd7 4. c3 Ngf6 5. Qe2 a6 6. Ba4 b5 7. Bc2 e5 8. d4
Be7 9. O-O O-O 10. a4 Bb7 11. Na3 exd4 12. cxd4 Re8 13. Bf4 Nxe4 14. axb5 Bf6
15. Rfe1 axb5 16. Qxb5 Qc7 17. Nc4 Rxa1 18. Rxa1 Bc6 19. Qa6 cxd4 20. Bxe4 Bxe4
21. Bxd6 Qc6 22. Qxc6 Bxc6 23. Nfd2 h6 24. f3 Nf8 25. Kf2 Bb5 26. b3 Ng6 27.
Ra5 Bxc4 28. bxc4 Ne5 29. Bxe5 Bxe5 30. Rd5 Bf4 31. Nb3 Be3+ 32. Ke2 Bg1+ 33.
Kd2 Bxh2 34. Rxd4 Rb8 35. Kc3 Rc8 36. Rd2 Bf4 1/2-1/2

[Event "CZECH OPEN 2011 "]
[Site "Pardubice (CZE)"]
[Date "2011.07.22"]
[Round "1.69"]
[White "Batchuluun, Tsegmed"]
[Black "Schulz, Jens"]
[Result "1-0"]
[WhiteElo "2427"]
[BlackElo "2218"]
[PlyCount "85"]
[EventDate "2011.07.22"]

1. d4 d5 2. c4 c6 3. Nf3 Nf6 4. Nc3 e6 5. Bg5 h6 6. Bxf6 Qxf6 7. e3 Nd7 8. Bd3
dxc4 9. Bxc4 g6 10. O-O Bg7 11. e4 e5 12. d5 O-O 13. Rc1 Nb6 14. Bb3 Bd7 15.
Qe2 Rad8 16. h3 Kh8 17. Rfd1 Qe7 18. Re1 Rde8 19. Rcd1 f5 20. dxc6 Bxc6 21. Nd5
Bxd5 22. Bxd5 Rd8 23. Bb3 Rxd1 24. Rxd1 Qf6 25. Re1 Re8 26. Qb5 Re7 27. Qc5 h5
28. a4 a6 29. a5 Nd7 30. Qb4 Nf8 31. Bd5 Ne6 32. exf5 Nf4 33. Be4 gxf5 34. Bxf5
Rf7 35. Rxe5 Qxe5 36. Nxe5 Rxf5 37. Nf3 Ne2+ 38. Kf1 Rb5 39. Qe4 Nc1 40. h4
Bxb2 41. Ng5 Kg7 42. Qe7+ Kh6 43. Qh7# 1-0

[Event "CZECH OPEN 2011 "]
[Site "Pardubice (CZE)"]
[Date "2011.07.22"]
[Round "1.71"]
[White "Feuerstack, Aljoscha"]
[Black "Vokoun, Jan"]
[Result "1-0"]
[WhiteElo "2421"]
[BlackElo "2217"]
[PlyCount "45"]
[EventDate "2011.07.22"]

1. e4 c5 2. c3 Qa5 3. Nf3 Nc6 4. Na3 g6 5. Nc4 Qc7 6. d4 cxd4 7. cxd4 b5 8. Ne3
Bg7 9. Nd5 Qb7 10. Bxb5 Nf6 11. Ba6 Qb8 12. Bxc8 Qxc8 13. Nxf6+ Bxf6 14. Bh6 e5
15. O-O Qb8 16. d5 Nd4 17. Nxd4 exd4 18. Qd2 Ke7 19. e5 Bxe5 20. Rae1 Kd8 21.
Rxe5 Qxe5 22. Qa5+ Qc7 23. Bg5+ 1-0

[Event "CZECH OPEN 2011 "]
[Site "Pardubice (CZE)"]
[Date "2011.07.22"]
[Round "1.85"]
[White "Pacher, Milan"]
[Black "Linster, Philippe"]
[Result "1-0"]
[WhiteElo "2408"]
[BlackElo "2195"]
[PlyCount "89"]
[EventDate "2011.07.22"]

1. e4 e5 2. Nf3 Nc6 3. Bb5 a6 4. Ba4 Nf6 5. O-O Be7 6. Re1 b5 7. Bb3 O-O 8. d4
Nxd4 9. Nxd4 exd4 10. e5 Ne8 11. c3 dxc3 12. Nxc3 Bb7 13. Nd5 Bxd5 14. Qxd5 Kh8
15. Bf4 d6 16. e6 fxe6 17. Rxe6 Bf6 18. Rae1 g6 19. Qc6 Ng7 20. R6e2 Bxb2 21.
Bd5 Rb8 22. Be3 Qf6 23. Qxc7 Nf5 24. Ba7 Rbc8 25. Qb7 Bc3 26. Rf1 Be5 27. Qxa6
Rc3 28. Qxb5 Ra3 29. Qb7 Qh4 30. Rxe5 dxe5 31. Bc5 Raa8 32. Bxf8 Rxf8 33. g3
Qg5 34. f4 exf4 35. Rxf4 Re8 36. Qf7 Rc8 37. Qe6 Rc1+ 38. Kf2 Rc2+ 39. Ke1 Qd8
40. Rxf5 Qa5+ 41. Kf1 Qb5+ 42. Kg1 Qc5+ 43. Kh1 Rc1+ 44. Kg2 Qc2+ 45. Rf2 1-0

[Event "CZECH OPEN 2011 "]
[Site "Pardubice (CZE)"]
[Date "2011.07.22"]
[Round "1.88"]
[White "Aliakbarov, Anar"]
[Black "Rojicek, Vojtech"]
[Result "0-1"]
[WhiteElo "2182"]
[BlackElo "2396"]
[PlyCount "100"]
[EventDate "2011.07.22"]

1. d4 Nf6 2. c4 d6 3. Nf3 g6 4. Nc3 Bg7 5. e4 O-O 6. Be2 Nbd7 7. O-O e5 8. dxe5
dxe5 9. Be3 c6 10. Nd2 Qe7 11. Qa4 Re8 12. Nb3 Nh5 13. g3 Bf8 14. Rfd1 Ng7 15.
Rd2 Ne6 16. Rad1 h5 17. Na5 Ndc5 18. Qc2 Nd4 19. Bxd4 exd4 20. Rxd4 Bg7 21.
R4d2 Bxc3 22. bxc3 Nxe4 23. Rd3 Bf5 24. Re3 Nxg3 25. Bd3 Ne4 26. Rde1 Qg5+ 27.
Kh1 Red8 28. Rg1 Rxd3 29. Rxg5 Rxe3 30. Rxf5 Re1+ 31. Kg2 gxf5 32. f3 Rd8 33.
fxe4 fxe4 34. Nb3 Rdd1 35. Nd4 e3 36. Qf5 Rg1+ 37. Kh3 Rxd4 38. Qe5 Rxc4 39.
Qe8+ Kg7 40. Qe5+ Kh7 41. Qxe3 Rgg4 42. Qe5 Kg6 43. Qd6+ Kf5 44. Qd3+ Ke6 45.
Qe3+ Kd6 46. Qd3+ Kc7 47. Qe3 f5 48. a4 Rxa4 49. Qd3 Rae4 50. c4 Rh4+ 0-1

[Event "CZECH OPEN 2011 "]
[Site "Pardubice (CZE)"]
[Date "2011.07.22"]
[Round "1.89"]
[White "Aliavdin, Nikolai"]
[Black "Freeman, Gordon"]
[Result "1-0"]
[WhiteElo "2392"]
[BlackElo "2179"]
[PlyCount "41"]
[EventDate "2011.07.22"]

1. e4 d6 2. d4 Nf6 3. Nc3 g6 4. Be3 a6 5. Qd2 b5 6. f3 Bb7 7. Nh3 Nc6 8. a4
bxa4 9. Rxa4 Bg7 10. d5 Ne5 11. Be2 O-O 12. O-O Qd7 13. Rfa1 c6 14. Nf2 cxd5
15. Nxd5 Nxd5 16. exd5 Qf5 17. f4 Nd7 18. Bg4 Qxd5 19. Qxd5 Bxd5 20. Bxd7 Bb7
21. Rb4 1-0

[Event "CZECH OPEN 2011 "]
[Site "Pardubice (CZE)"]
[Date "2011.07.22"]
[Round "1.90"]
[White "Yakimenko, Alexander A"]
[Black "Seger, Ruediger"]
[Result "0-1"]
[WhiteElo "2178"]
[BlackElo "2390"]
[PlyCount "102"]
[EventDate "2011.07.22"]

1. d4 Nf6 2. c4 g6 3. Nc3 d5 4. Nf3 Bg7 5. Bf4 O-O 6. e3 c5 7. Be2 cxd4 8. exd4
Nc6 9. O-O dxc4 10. d5 Na5 11. Qd2 Bg4 12. h3 Bxf3 13. Bxf3 Rc8 14. Rfe1 a6 15.
Rad1 b5 16. Qe3 Re8 17. Qa7 b4 18. d6 exd6 19. Nd5 Nc6 20. Qxa6 Nxd5 21. Bxd5
Ne5 22. Qb7 Rb8 23. Qa7 Re7 24. Qe3 Rc7 25. Re2 c3 26. bxc3 bxc3 27. Bb3 Qf8
28. Rc1 Rb4 29. Rec2 Nc6 30. Qg3 Rxf4 31. Qxf4 Nd4 32. Qe4 Bf6 33. Qd5 Rc5 34.
Qb7 Nxc2 35. Bxc2 Qd8 36. Qe4 d5 37. Qd3 Kg7 38. Bb3 h5 39. Re1 h4 40. Re2 Qd6
41. g3 hxg3 42. fxg3 d4 43. Kh2 Rg5 44. Bc2 Be5 45. Rg2 Qe6 46. h4 Rg4 47. Kg1
Qxa2 48. Qe2 Qe6 49. Bb3 d3 50. Bxe6 dxe2 51. Rxe2 c2 0-1

[Event "CZECH OPEN 2011 "]
[Site "Pardubice (CZE)"]
[Date "2011.07.22"]
[Round "1.19"]
[White "Shanava, Konstantine"]
[Black "Wagner, Dennis"]
[Result "1-0"]
[WhiteElo "2535"]
[BlackElo "2287"]
[PlyCount "73"]
[EventDate "2011.07.22"]

1. e4 c5 2. Nf3 e6 3. d4 cxd4 4. Nxd4 a6 5. Nc3 Qc7 6. Bd3 Nf6 7. Be3 d6 8. f4
b5 9. O-O Bb7 10. a3 Nbd7 11. Qf3 Be7 12. Rae1 O-O 13. Qh3 Nc5 14. Bf2 Rfe8 15.
Kh1 Bf8 16. Nf3 Rac8 17. Bxc5 dxc5 18. e5 c4 19. exf6 cxd3 20. cxd3 gxf6 21. f5
Qd7 22. Ne4 Bg7 23. Ng3 Kh8 24. Nh5 Qxd3 25. Nxg7 Kxg7 26. Qg4+ Kh8 27. Qh4 Kg7
28. Ng5 h6 29. Nxf7 Kxf7 30. Qh5+ Kf8 31. Qxh6+ Kg8 32. Qg6+ Kh8 33. Qxf6+ Kg8
34. Qg6+ Kh8 35. Rf4 Qh3 36. Qf6+ Kg8 37. Qg5+ 1-0

[Event "CZECH OPEN 2011 "]
[Site "Pardubice (CZE)"]
[Date "2011.07.22"]
[Round "1.21"]
[White "Kovalev, Andrei"]
[Black "Jedlicka, Ales"]
[Result "1/2-1/2"]
[WhiteElo "2531"]
[BlackElo "2282"]
[PlyCount "95"]
[EventDate "2011.07.22"]

1. e4 c6 2. d4 d5 3. Nd2 dxe4 4. Nxe4 Nd7 5. Nf3 Ndf6 6. Ng3 e6 7. Bd3 Bd6 8.
O-O Ne7 9. Bg5 Bxg3 10. hxg3 Ng6 11. Ne5 O-O 12. Re1 Qd6 13. Qf3 Nd5 14. Rad1
Bd7 15. c4 Nde7 16. c5 Qc7 17. Qh5 Nd5 18. Qh3 Rae8 19. g4 Bc8 20. g3 f5 21.
Kg2 Nxe5 22. Rxe5 h6 23. Bd2 Qf7 24. f3 b6 25. Rde1 Rd8 26. cxb6 axb6 27. Bc4
fxg4 28. Qxg4 Nf6 29. Qf4 Rfe8 30. Qe3 Nd5 31. Bxd5 Rxd5 32. Rxd5 cxd5 33. Rc1
Qd7 34. Qe5 Qf7 35. Rc7 Qg6 36. Bf4 Rf8 37. Qd6 Ba6 38. Be5 Rf7 39. Qxb6 Be2
40. Rxf7 Qxf7 41. Qb8+ Kh7 42. Qb3 Qg6 43. Qb7 Bxf3+ 44. Kxf3 Qd3+ 45. Kf2 Qd2+
46. Kg1 Qe1+ 47. Kh2 Qe2+ 48. Kg1 1/2-1/2

[Event "CZECH OPEN 2011 "]
[Site "Pardubice (CZE)"]
[Date "2011.07.22"]
[Round "1.22"]
[White "Havlikova, Kristyna"]
[Black "Stupak, Kirill"]
[Result "1/2-1/2"]
[WhiteElo "2280"]
[BlackElo "2530"]
[PlyCount "96"]
[EventDate "2011.07.22"]

1. e4 e6 2. d4 d5 3. Nc3 Bb4 4. e5 b6 5. Qg4 Bf8 6. h4 Ne7 7. h5 h6 8. Nf3 c5
9. Bd3 Ba6 10. Bxa6 Nxa6 11. dxc5 Nxc5 12. Nd4 a6 13. O-O Qc7 14. f4 Nc6 15.
Nxc6 Qxc6 16. Be3 O-O-O 17. Bd4 Rg8 18. a4 Nd7 19. f5 Bc5 20. Kh1 Bxd4 21. Qxd4
Kb8 22. a5 b5 23. Na2 Rc8 24. Nb4 Qb7 25. b3 Nc5 26. Rf3 Rge8 27. fxe6 fxe6 28.
Rc3 Ne4 29. Rxc8+ Rxc8 30. Qb6 Qxb6 31. axb6 Nc5 32. Nxa6+ Nxa6 33. Rxa6 Rxc2
34. b7 Rc3 35. Rxe6 Rxb3 36. Rb6 Re3 37. Rxb5 Rxe5 38. g4 Rg5 39. Rb4 g6 40.
hxg6 Rxg6 41. Kh2 Rg7 42. Rb5 Rg5 43. Kg3 h5 44. Kh4 Rxg4+ 45. Kxh5 Rg7 46.
Rxd5 Rc7 47. Rb5 Rxb7 48. Rxb7+ Kxb7 1/2-1/2

[Event "CZECH OPEN 2011 "]
[Site "Pardubice (CZE)"]
[Date "2011.07.22"]
[Round "1.23"]
[White "Teske, Henrik"]
[Black "Gergel, Vladimir"]
[Result "1-0"]
[WhiteElo "2529"]
[BlackElo "2277"]
[PlyCount "55"]
[EventDate "2011.07.22"]

1. d4 f5 2. g4 fxg4 3. h3 g3 4. fxg3 c5 5. c3 Nf6 6. Bg2 Nc6 7. e4 cxd4 8. cxd4
e5 9. dxe5 Qa5+ 10. Nc3 Nxe5 11. Nge2 Bc5 12. Bg5 Nc4 13. b3 Ne3 14. Bxe3 Bxe3
15. Qd3 Qg5 16. Rf1 d6 17. Qxd6 Bd7 18. e5 O-O-O 19. Rxf6 gxf6 20. Nd5 Qxe5 21.
Ne7+ Qxe7 22. Qxe7 Rhe8 23. Qxh7 f5 24. Rd1 f4 25. g4 Bb6 26. Bxb7+ Kc7 27. Be4
Kc8 28. Rxd7 1-0

[Event "CZECH OPEN 2011 "]
[Site "Pardubice (CZE)"]
[Date "2011.07.22"]
[Round "1.24"]
[White "Nakar, Eylon"]
[Black "Petr, Martin"]
[Result "0-1"]
[WhiteElo "2276"]
[BlackElo "2523"]
[PlyCount "138"]
[EventDate "2011.07.22"]

1. e4 c5 2. Nf3 e6 3. d3 Nc6 4. g3 d6 5. Bg2 Nf6 6. O-O Be7 7. Nbd2 O-O 8. b3
Nd7 9. a3 b5 10. Bb2 Bb7 11. a4 b4 12. Nc4 Qc7 13. Re1 Rac8 14. Qd2 Na5 15. Ne3
Bf6 16. Bxf6 Nxf6 17. Nf1 Nc6 18. Rac1 a5 19. Ne3 Ba6 20. Bh3 Qe7 21. Ng4 Nd4
22. Qe3 h5 23. Nxf6+ Qxf6 24. Bg2 e5 25. h4 Rce8 26. Ng5 Qh6 27. Nf3 Qg6 28.
Qg5 Qh7 29. Nxd4 cxd4 30. Bh3 f6 31. Qf5 Qh6 32. Qf3 Rf7 33. Qd1 Rc7 34. Rb1
Bc8 35. Bxc8 Rexc8 36. Rb2 g5 37. Qd2 Qg6 38. hxg5 Qxg5 39. Qxg5+ fxg5 40. Re2
Kg7 41. Kg2 g4 42. f3 gxf3+ 43. Kxf3 Kg6 44. Kg2 Kg5 45. Rf2 Kg4 46. Kh2 Rc3
47. Ra2 R8c5 48. Rb2 d5 49. exd5 Rxd5 50. Rb1 Rdc5 51. Re1 Rxc2 52. Re4+ Kg5
53. Rxe5+ Rxe5 54. Rxc2 Re3 55. Kh3 Rxd3 56. Rc5+ Kg6 57. Rxa5 Rxb3 58. Rd5 d3
59. a5 Ra3 60. a6 Kf6 61. a7 Rxa7 62. Rxd3 Rb7 63. Rb3 Ke6 64. Kh4 Rb5 65. Rb1
b3 66. Re1+ Kf6 67. Rf1+ Kg6 68. Rb1 b2 69. g4 Rb4 0-1

[Event "CZECH OPEN 2011 "]
[Site "Pardubice (CZE)"]
[Date "2011.07.22"]
[Round "1.27"]
[White "Cvek, Robert"]
[Black "Jirasek, Pavel"]
[Result "1-0"]
[WhiteElo "2506"]
[BlackElo "2273"]
[PlyCount "61"]
[EventDate "2011.07.22"]

1. d4 Nf6 2. Nf3 e6 3. c4 Bb4+ 4. Bd2 Qe7 5. g3 Nc6 6. e3 Ne4 7. Bg2 Nxd2 8.
Nfxd2 O-O 9. O-O Bxd2 10. Qxd2 d6 11. b4 Bd7 12. Nc3 Rfc8 13. Rab1 Nd8 14. f4
c6 15. c5 a5 16. Ne4 d5 17. Nd6 Rcb8 18. bxa5 Ra7 19. Rf2 Rba8 20. Bf1 Rxa5 21.
Nxb7 Ra3 22. Nd6 f6 23. Rb3 R3a7 24. Qb2 h6 25. Bd3 e5 26. dxe5 fxe5 27. Qxe5
Qxe5 28. fxe5 Be6 29. Rb4 Ra3 30. Bg6 Rxe3 31. Rbf4 1-0

[Event "CZECH OPEN 2011 "]
[Site "Pardubice (CZE)"]
[Date "2011.07.22"]
[Round "1.39"]
[White "Vila Gazquez, Xavier"]
[Black "Furman, Boris"]
[Result "1-0"]
[WhiteElo "2487"]
[BlackElo "2262"]
[PlyCount "85"]
[EventDate "2011.07.22"]

1. e4 c5 2. Nf3 Nc6 3. Bb5 g6 4. O-O Bg7 5. Re1 Nf6 6. e5 Nd5 7. d4 cxd4 8.
Bxc6 bxc6 9. Qxd4 Nc7 10. Qh4 Ne6 11. Bh6 O-O 12. Nbd2 d5 13. Rad1 Qc7 14. Nb3
Rb8 15. Rd2 Rd8 16. c3 c5 17. Nc1 Bb7 18. Ng5 Nxg5 19. Bxg5 Bxe5 20. Nd3 f6 21.
Nxe5 fxe5 22. Qg3 d4 23. c4 Rf8 24. Rxe5 Rf5 25. Rxf5 Qxg3 26. hxg3 gxf5 27.
Bxe7 Rc8 28. f3 Kf7 29. Bg5 Ba6 30. b3 Rc6 31. Kf2 Re6 32. Rd1 Ke8 33. Rh1 Bc8
34. Rxh7 Ra6 35. a4 Rb6 36. Re7+ Kf8 37. Rxa7 Be6 38. Be7+ Kg8 39. Bxc5 Rxb3
40. Bxd4 Bxc4 41. Rg7+ Kf8 42. Rc7 Be6 43. a5 1-0

[Event "CZECH OPEN 2011 "]
[Site "Pardubice (CZE)"]
[Date "2011.07.22"]
[Round "1.46"]
[White "Goikhman, Valentin"]
[Black "Maximov, Dmitry"]
[Result "0-1"]
[WhiteElo "2256"]
[BlackElo "2479"]
[PlyCount "74"]
[EventDate "2011.07.22"]

1. d4 Nf6 2. c4 g6 3. Nc3 Bg7 4. e4 d6 5. Nf3 O-O 6. Be2 e5 7. dxe5 dxe5 8.
Qxd8 Rxd8 9. Bg5 Re8 10. Nd5 Nxd5 11. cxd5 c6 12. Bc4 cxd5 13. Bxd5 Nd7 14. Nd2
Nc5 15. O-O Be6 16. Bxe6 Nxe6 17. Be3 Nd4 18. Bxd4 exd4 19. f4 Rac8 20. Rac1 d3
21. e5 f6 22. Rxc8 Rxc8 23. Rf3 Rd8 24. e6 Kf8 25. Rh3 h5 26. Rg3 g5 27. Rh3 h4
28. f5 Rd5 29. g4 hxg3 30. Rxg3 g4 31. Rxg4 Bh6 32. Rh4 Bxd2 33. Rh8+ Ke7 34.
Rh7+ Kd8 35. Rh8+ Kc7 36. e7 Be3+ 37. Kg2 Re5 0-1

[Event "CZECH OPEN 2011 "]
[Site "Pardubice (CZE)"]
[Date "2011.07.22"]
[Round "1.47"]
[White "Dzhakaev, Dzhakai"]
[Black "Lambrechts, Koen"]
[Result "1-0"]
[WhiteElo "2478"]
[BlackElo "2255"]
[PlyCount "69"]
[EventDate "2011.07.22"]

1. e4 c6 2. d4 d5 3. f3 e6 4. Nc3 Nf6 5. e5 Nfd7 6. f4 c5 7. Nf3 Nc6 8. Be3 a6
9. Qd2 b5 10. a3 Qb6 11. g3 Be7 12. Bg2 a5 13. Ne2 Ba6 14. c3 b4 15. axb4 cxb4
16. f5 Bxe2 17. fxe6 Bc4 18. exd7+ Kxd7 19. Qc2 Qb5 20. Qf5+ Ke8 21. Nd2 bxc3
22. bxc3 Qb2 23. Kf2 g6 24. Qb1 Rb8 25. Qxb2 Rxb2 26. Rhb1 Rxd2+ 27. Bxd2 f6
28. Rb6 Kd7 29. exf6 Rf8 30. Bf4 Rxf6 31. Bh3+ Ke8 32. Ke3 Bd8 33. Rb7 Ne7 34.
Bd7+ Kf8 35. Rb8 1-0

[Event "CZECH OPEN 2011 "]
[Site "Pardubice (CZE)"]
[Date "2011.07.22"]
[Round "1.48"]
[White "Migot, Tangi"]
[Black "Kanovsky, David"]
[Result "0-1"]
[WhiteElo "2254"]
[BlackElo "2478"]
[PlyCount "50"]
[EventDate "2011.07.22"]

1. e4 c5 2. Nf3 e6 3. d4 cxd4 4. Nxd4 a6 5. c4 Nf6 6. Nc3 Bb4 7. Bd3 Qc7 8. a3
Bxc3+ 9. bxc3 d6 10. O-O e5 11. Nf5 Bxf5 12. exf5 Nbd7 13. Be3 O-O 14. Be2 Rfe8
15. Rb1 Rac8 16. Rb2 Ne4 17. Qc2 d5 18. Rd1 Ndf6 19. f3 Nxc3 20. Qxc3 d4 21.
Bxd4 exd4 22. Qxd4 Rcd8 23. Qc3 Qc5+ 24. Kh1 Rxd1+ 25. Bxd1 Qxc4 0-1

[Event "CZECH OPEN 2011 "]
[Site "Pardubice (CZE)"]
[Date "2011.07.22"]
[Round "1.49"]
[White "Rasik, Vitezslav"]
[Black "Balacek, Tadeas"]
[Result "1-0"]
[WhiteElo "2475"]
[BlackElo "2251"]
[PlyCount "47"]
[EventDate "2011.07.22"]

1. e4 e6 2. d4 d5 3. Nd2 c5 4. Ngf3 cxd4 5. exd5 Qxd5 6. Bc4 Qd6 7. Qe2 Nf6 8.
Nb3 Nc6 9. Bg5 a6 10. O-O-O b5 11. Bd3 Bb7 12. Nbxd4 Be7 13. Nxc6 Qxc6 14. Kb1
Qc7 15. Ne5 Bxg2 16. Rhg1 Bb7 17. Bxb5+ axb5 18. Qxb5+ Bc6 19. Nxc6 O-O 20.
Nxe7+ Qxe7 21. Rd7 Qxd7 22. Bxf6 Qxb5 23. Rxg7+ Kh8 24. Rg6# 1-0

[Event "CZECH OPEN 2011 "]
[Site "Pardubice (CZE)"]
[Date "2011.07.22"]
[Round "1.50"]
[White "Swan, Iain"]
[Black "Baryshpolets, Andrey"]
[Result "0-1"]
[WhiteElo "2248"]
[BlackElo "2474"]
[PlyCount "74"]
[EventDate "2011.07.22"]

1. e4 c5 2. Nf3 Nc6 3. d4 cxd4 4. Nxd4 Nf6 5. Nc3 d6 6. Bg5 e6 7. Qd2 a6 8.
O-O-O Bd7 9. f3 Be7 10. h4 h6 11. Be3 h5 12. Kb1 Ne5 13. Bg5 b5 14. Bd3 Qb6 15.
Be3 Qb7 16. Rhe1 Rb8 17. Ka1 b4 18. Nce2 a5 19. Bg5 a4 20. Nc1 Qc7 21. Kb1 O-O
22. g4 hxg4 23. fxg4 Nexg4 24. Rg1 e5 25. Nf5 Bxf5 26. exf5 d5 27. Bxf6 Bxf6
28. Rxg4 e4 29. Bxe4 dxe4 30. Rxe4 Rfd8 31. Qe2 Rxd1 32. Qxd1 a3 33. Nd3 axb2
34. Qe1 Bc3 35. Re8+ Kh7 36. Qe2 Rxe8 37. Qxe8 Qg3 0-1

[Event "CZECH OPEN 2011 "]
[Site "Pardubice (CZE)"]
[Date "2011.07.22"]
[Round "1.52"]
[White "Saric, Kristina"]
[Black "Simacek, Pavel"]
[Result "0-1"]
[WhiteElo "2246"]
[BlackElo "2470"]
[PlyCount "54"]
[EventDate "2011.07.22"]

1. e4 g6 2. d4 Bg7 3. c4 c5 4. Nf3 cxd4 5. Nxd4 Nc6 6. Be3 Nf6 7. Nc3 d6 8. Be2
O-O 9. O-O Nxd4 10. Bxd4 Be6 11. Rc1 Qa5 12. f3 Rfc8 13. Nd5 Bxd5 14. exd5 b5
15. Bc3 b4 16. Bd4 Nd7 17. Bxg7 Kxg7 18. Qd4+ Kg8 19. f4 Qc5 20. Qxc5 Rxc5 21.
a3 Rb8 22. Rf3 bxa3 23. Rxa3 Rxb2 24. Kf1 Rc7 25. Rca1 Rbb7 26. h4 Nb6 27. Rb3
Rc5 0-1